000 00504nam a2200133 a 4500
008 120416s1967 ||||||||||||||||| || u
050 _aTK 5101 Ste
100 _aStein, Seymour
245 1 0 _aModern Communication principles with application to digital signaling
260 _aNew York
_bMcGraw-Hill
_c1967
300 _aix, 382p. : ill
350 _a0.00
995 _D0.00
_FCBU-MAIN LIBRARY (Kitwe)
_H1
_I29.00
_M1
_UDAMAGED
_ZMain Library Open Access Collection
999 _c51428
_d51428